| 000 | 00875cam a2200229 4500 | ||
|---|---|---|---|
| 001 | WS107403 | ||
| 008 | 000000n 000 0 eng u | ||
| 035 | _a(Sirsi) u107403 | ||
| 245 | _aBoundary Problems Web Site | ||
| 520 | _aCompiled by Jon Maynard FRICS, this site aims to provide information to anyone who has a problem with their property boundary. It includes details of frequently encountered problems, how to avoid disputes and who to turn to for advice. | ||
| 650 |
_aBoundary disputes _96221 |
||
| 650 | _aRIGHTS OF WAY | ||
| 650 | 0 | _aNEIGHBOUR NUISANCE | |
| 650 | _aTREES | ||
| 650 | _aNOISY NEIGHBOURS | ||
| 650 | _aPLANNING PERMISSION | ||
| 650 | _aNUISANCE | ||
| 650 | _aFENCES | ||
| 690 |
_aBoundary disputes _96221 |
||
| 856 | 4 | 0 |
_uhttps://www.boundary-problems.co.uk _zView the website free of charge at www.boundary-problems.co.uk... |
| 942 | _n0 | ||
| 999 |
_c119534 _d119534 |
||